On the simultaneity of innovations and market structure.

Výskum determinantov inovačnej aktivity a trhovej štruktúry v globále simultánneho rámca. Modelovanie inovačných procesov v podmienkach faktorových cien a variácií trhovej štruktúry, ako je relatívny rozsah a objem podniku, rozsah trhu, pomer koncentrácie a pod.

Gespeichert in:
Bibliographische Detailangaben
1. Verfasser: Pohlmeier, W.
Format: Buchkapitel
Sprache:Englisch
Schlagworte:
Tags: Tag hinzufügen
Keine Tags, Fügen Sie das erste Tag hinzu!

MARC

LEADER 00000naa a2200000 4500
001 r009111
005 20221130112735.3
041 0 |a eng 
044 |a AT 
245 1 0 |a On the simultaneity of innovations and market structure.  |c W. Pohlmeier 
520 |a Výskum determinantov inovačnej aktivity a trhovej štruktúry v globále simultánneho rámca. Modelovanie inovačných procesov v podmienkach faktorových cien a variácií trhovej štruktúry, ako je relatívny rozsah a objem podniku, rozsah trhu, pomer koncentrácie a pod. 
610 2 0 |a inovácia 
610 2 0 |a modely 
610 2 0 |a trh 
610 2 0 |a ceny 
610 2 0 |a veľkosť podnikov 
610 2 0 |a koncentrácia 
610 2 0 |a optimalizácia 
610 2 0 |a konkurencia 
100 1 |a Pohlmeier, W.